| 000 | 01290cam a22003617a 4500 | ||
|---|---|---|---|
| 003 | CHAP | ||
| 005 | 20220329141854.0 | ||
| 008 | 980320d1997 mx ba r 00110 spa d | ||
| 010 | _a75080 | ||
| 011 | _a76052 | ||
| 035 | _a85629 | ||
| 040 | _cCHAP | ||
| 090 | _aTesis | ||
| 100 | 0 | 0 |
_aKu Quej, Víctor M. _964017 |
| 245 | 1 | 2 |
_aEl añil en el sur del Istmo Oaxaqueño : _bperspectivas de sustentabilidad de los sistemas agrícolas actuales _c/por Víctor M. Ku Quej |
| 260 |
_aChapingo, Méx. : _bEl autor, _c1997 |
||
| 300 |
_a87 h. : _bilus. ; gráfs. |
||
| 502 | _aTesis (Ing. Agr. Esp. en Agroecología) -- UACH. Programa en Agroecología | ||
| 590 |
_aALEPH _b10 _c20130110 _lUCH01 _h1422 |
||
| 590 |
_aBATCH-UPD _b10 _c20130110 _lUCH01 _h0355 |
||
| 590 |
_aBATCH-UPD _b10 _c20130110 _lUCH01 _h1934 |
||
| 590 |
_aBATCH-UPD _b10 _c20130410 _lUCH01 _h0029 |
||
| 590 |
_aBATCH-UPD _b10 _c20130914 _lUCH01 _h1710 |
||
| 590 |
_aCONVERSION _b10 _c20130109 _lUCH01 _h1341 |
||
| 650 | 1 | 4 |
_aAnil. _96191 |
| 650 | 1 | 4 |
_aPigmentos vegetales. _988057 |
| 901 | _aBK | ||
| 905 | _aLilia Sánchez G. | ||
| 942 | _cFOLL | ||
| 949 |
_bBC _cTES _d33724000586343 _eTS2 _fc.2 _h32112 _i85629 _sb |
||
| 949 |
_bBC _cTES _d33724000586350 _eTS2 _fc.3 _h32113 _i85629 _si |
||
| 949 |
_bBC _cTES _d856291 _eTS1 _h32111 _i85629 _sb |
||
| 999 |
_c75080 _d75080 |
||